Bentham.

Shranjeno v:
Bibliografske podrobnosti
Glavni avtor: Dinwiddy, John (autor)
Format: Knjiga
Izdano: Madrid, España: Alianza Editorial, 1995.
Serija:Humanidades,
Teme:
Oznake: Označite
Brez oznak, prvi označite!

MARC

LEADER 00000nam a22000007a 4500
003 CL-VaPUC
005 20220822114631.0
008 220715t1995 ||||| |||| 00| 0 eng d
999 |c 437109  |d 437107 
020 |a 84-206-0767-9 
040 |c Pontificia Universidad Católica de Valparaíso 
082 7 |a 192 DIN 1995  |2 22 
100 1 |a Dinwiddy, John  |e autor  |9 873031 
245 |a Bentham. 
260 |a Madrid, España:  |b Alianza Editorial,   |c 1995. 
300 |a 175 páginas.  
490 |a Humanidades,  |n  1764. 
500 |a c.1 Donación Familia Prof. Alejandro Guzmán Brito. 
583 |c 20220715  |k Cristina María Rojas Aguilar 
600 0 |a Bentham, Jeremias  |9 862458  |d 1748-1832  |x Jurisprudencia  |x Filosofía  
650 |a Utilitarismo   |9 321614 
942 |2 ddc  |c BK  |n 0 
952 |0 0  |1 0  |2 ddc  |4 0  |6 192_000000000000000_DIN_1995  |7 0  |8 C_AGB  |9 584854  |a BIBDER  |b BIBDER  |d 2022-07-15  |e Donación   |i 5652976  |o 192 DIN 1995  |p 5652976  |r 2023-01-25  |t 1  |w 2022-07-15  |y BK_US  |k AGB